Pays avec les meilleures ligues de football - Statistiques

Statistiques générales
  • Ce quiz a été pris 1 318 fois
  • Le résultat moyen est 64 sur 80
Statistiques - réponses
Classement Pays % Correct
5 France
100%
5 France
100%
7 France
100%
5 France
100%
3 Allemagne
99%
4 Allemagne
99%
5 Allemagne
99%
3 Allemagne
99%
2 Espagne
99%
2 Espagne
99%
4 Espagne
99%
1 Espagne
99%
4 Italie
99%
3 Italie
99%
1 Italie
99%
4 Italie
99%
1 Angleterre
97%
1 Angleterre
97%
2 Angleterre
97%
2 Angleterre
97%
6 Portugal
96%
7 Portugal
96%
6 Portugal
96%
9 Portugal
96%
8 Brésil
91%
13 Brésil
91%
3 Brésil
91%
6 Brésil
91%
17 Argentine
89%
15 Argentine
89%
9 Argentine
89%
7 Argentine
89%
16 États-Unis
89%
10 États-Unis
89%
7 Pays-Bas
89%
9 Pays-Bas
89%
18 Pays-Bas
89%
8 Pays-Bas
89%
12 Belgique
88%
8 Belgique
88%
15 Belgique
88%
10 Russie
88%
6 Russie
88%
10 Russie
88%
14 Suisse
82%
19 Suisse
82%
19 Japon
79%
9 Mexique
78%
12 Mexique
78%
11 Mexique
78%
13 Turquie
76%
11 Turquie
76%
12 Turquie
76%
17 Ukraine
72%
13 Ukraine
72%
20 Grèce
69%
12 Grèce
69%
18 Grèce
69%
11 Autriche
68%
16 Autriche
68%
17 Autriche
68%
18 Écosse
67%
14 Écosse
67%
11 Écosse
67%
20 Croatie
65%
19 Croatie
65%
15 Danemark
65%
18 Danemark
65%
14 Colombie
61%
16 Colombie
61%
17 Uruguay
60%
16 Serbie
53%
19 Roumanie
52%
14 République Tchèque
50%
20 Corée du Sud
48%
20 Pérou
44%
15 Égypte
43%
8 Paraguay
33%
10 Équateur
31%
13 Israël
25%
Aucun quiz correspondant
Distribution des résultats
% des personnes avec chaque résultat
Percentile par nombre de réponses
Votre historique - résultats
Vous n’avez pas pris ce quiz